African Development Bank Group (Record no. 119998)

MARC details
000 -LEADER
fixed length control field 00837cam a2200217 4500
001 - CONTROL NUMBER
control field WS116481
008 - FIXED-LENGTH DATA ELEMENTS--GENERAL INFORMATION
fixed length control field 020125n 000 0 eng u
035 ## - SYSTEM CONTROL NUMBER
System control number (Sirsi) u116481
110 ## - MAIN ENTRY--CORPORATE NAME
Corporate name or jurisdiction name as entry element African Development Bank Group
9 (RLIN) 4190
245 ## - TITLE STATEMENT
Title African Development Bank Group
520 ## - SUMMARY, ETC.
Summary, etc. Web site for this bank which describes itself as 'the premier financial development institution of Africa, dedicated to combating poverty'. Includes pages onprojects, financial management, statistics, lists of loan approvals and links to the 'ADB Business Bulletin'.
650 ## - SUBJECT ADDED ENTRY--TOPICAL TERM
Topical term or geographic name entry element STATISTICS
650 ## - SUBJECT ADDED ENTRY--TOPICAL TERM
Topical term or geographic name entry element LOANS
650 ## - SUBJECT ADDED ENTRY--TOPICAL TERM
Topical term or geographic name entry element GRANTS
650 ## - SUBJECT ADDED ENTRY--TOPICAL TERM
Topical term or geographic name entry element INTERNATIONAL
650 ## - SUBJECT ADDED ENTRY--TOPICAL TERM
Topical term or geographic name entry element AFRICA
650 ## - SUBJECT ADDED ENTRY--TOPICAL TERM
Topical term or geographic name entry element EXCHANGE RATES
690 ## - LOCAL SUBJECT ADDED ENTRY--TOPICAL TERM (OCLC, RLIN)
Topical term or geographic name as entry element ECONOMIC ISSUES
856 40 - ELECTRONIC LOCATION AND ACCESS
Uniform Resource Identifier <a href="https://www.afdb.org">https://www.afdb.org</a>
Public note View the website free of charge at www.afdb.org...
942 ## - ADDED ENTRY ELEMENTS (KOHA)
Suppress in OPAC 0
Holdings
Withdrawn status Lost status Source of classification or shelving scheme Damaged status Not for loan Home library Current library Shelving location Date acquired Total Checkouts Full call number Barcode Date last seen Copy number Price effective from Koha item type
    Dewey Decimal Classification     Virtual Virtual Online 25/01/2002   WEB SITE 116481-2001 06/08/2019 1 06/08/2019 Online material